Fiber optics reliability, benign and adverse environments : 17-18 August 1987, San Diego, California /

Bibliographic Details
Corporate Authors: Society of Photo-optical Instrumentation Engineers, New Mexico State University. Applied Optics Laboratory
Other Authors: Paul, Dilip K.
Format: Book
Language:English
Published: Bellingham, Wash., USA : SPIE, [1988]
Series:Proceedings of SPIE--the International Society for Optical Engineering ; v. 842.
Subjects:

MARC

Tag First Indicator Second Indicator Subfields
LEADER 00000cam a2200000 a 4500
001 in00000016053
005 20151007052653.0
008 880314s1988 waua b 10100 eng d
010 |a  87062543  
020 |a 089252877X (pbk.) 
035 |a (OCoLC)17624356 
035 |9 AAA8738AM 
040 |a SCT  |c SCT  |d NAG  |d TXA  |d UtOrBLW 
049 |a TXAM  |c [A12643756] 
050 4 |a TA1800  |b .F5334 1988 
245 0 0 |a Fiber optics reliability, benign and adverse environments :  |b 17-18 August 1987, San Diego, California /  |c Dilip K. Paul, chair/editor ; sponsored by SPIE--the International Society for Optical Engineering ; cooperating organizations ; Applied Optics Laboratory/New Mexico State University [and others]. 
264 1 |a Bellingham, Wash., USA :  |b SPIE,  |c [1988] 
264 4 |c ©1988 
300 |a vi, 185 pages :  |b illustrations ;  |c 28 cm. 
336 |a text  |b txt  |2 rdacontent 
337 |a unmediated  |b n  |2 rdamedia 
338 |a volume  |b nc  |2 rdacarrier 
490 1 |a Proceedings of SPIE--The International Society for Optical Engineering ;  |v v. 842 
504 |a Includes bibliographical references and author index. 
650 0 |a Fiber optics  |x Reliability  |x Congresses. 
650 0 |a Reliability (Engineering)  |v Congresses. 
700 1 |a Paul, Dilip K. 
710 2 |a Society of Photo-optical Instrumentation Engineers. 
710 2 |a New Mexico State University.  |b Applied Optics Laboratory. 
830 0 |a Proceedings of SPIE--the International Society for Optical Engineering ;  |v v. 842. 
999 |a MARS 
999 f f |s 5c95275b-da91-3d44-add3-54c49c6e0061  |i 16f0ba2e-fbb3-32ea-92a4-61ba6d9bb56a  |t 0 
952 f f |p ric  |a Texas A&M University  |b Rellis Campus  |c Joint Library Facility  |d Remote Storage  |t 0  |e TA1800 .F5334 1988  |h Library of Congress classification  |i unmediated -- volume  |m A14812643756 
998 f f |a TA1800 .F5334 1988  |t 0  |l Remote Storage